Statistiques concernant Pokémon de type Électrik - Gen 1 à 9

Cliquez ici pour prendre le quiz!

Statistiques générales

  • Ce quiz a été pris 1 910 fois
    (250 depuis la dernière actualisation)
  • Le résultat moyen est 61 sur 75

Statistiques - réponses

Pokémon% Correct
Pikachu
100%
Raichu / Raichu d'Alola
100%
Magnéti
99%
Magnéton
99%
Élekable
98%
Élektek
98%
Pichu
98%
Élekid
97%
Magnézone
97%
Voltorbe / Voltorbe de Hisui
97%
Électhor
96%
Électrode / Électrode de Hisui
96%
Élecsprint / Méga-Élecsprint
94%
Raikou
94%
Dynavolt
93%
Voltali
93%
Pharamp / Méga-Pharamp
92%
Zekrom
92%
Lainergie
91%
Emolga
89%
Togedemaru
89%
Wattouat
89%
Anchwatt
88%
Arceus (Plaque Volt)
88%
Lampéroie
88%
Motisma
88%
Négapi
88%
Ohmassacre
88%
Posipi
88%
Zébibron
88%
Zéblitz
87%
Lanturn
86%
Loupio
86%
Dedenne
85%
Pachirisu
83%
Lixy
82%
Luxio
81%
Luxray
81%
Mygavolt
81%
Zeraora
81%
Statitik
80%
Voltoutou
80%
Fulguris
79%
Iguolta
79%
Silvallié (ROM Électrik)
79%
Zapétrel
79%
Pohm
78%
Pohmarmotte
78%
Fulgudog
77%
Fulgulairo
77%
Galvaran
77%
Pohmotte
77%
Tokorico
77%
Lucanon
75%
Chrysapile
74%
Câblifère
73%
Morpeko
73%
Salarsen
72%
Toxizap
70%
Miraidon
69%
Paume-de-Fer
68%
Regieleki
67%
Wattapik
66%
Limonde
65%
Gravalanch d'Alola
64%
Grolem d'Alola
64%
Racaillou d'Alola
64%
Ampibidou
63%
Têtampoule
63%
Galvagla
61%
Galvagon
61%
Ire-Foudre
58%
Pelage-Sablé
56%
Épine-de-Fer
52%
Plumeline (Style Pom-Pom)
52%

Distribution des résultats

Percentile par nombre de réponses

% des personnes avec chaque résultat

Votre développement - résultats

Vous n’avez pas pris ce quiz depuis la dernière actualisation